000 04696nam a2200289 4500
003 DO-SdUEMH
005 20260112160108.0
007 ta
008 260112b |||||||| |||| 00| 0 spa d
020 _a9789945443622 (serie)
020 _a9789945443837 (v. 180)
040 _aDO-SdUEMH
_bspa
_erda
041 _aspa
082 1 4 _mRD
_bV145c
100 _eaut
245 3 0 _aLa cultura en el Banco Central : discursos 2008-2011 /
_c Héctor Valdez Albizu ; edición al cuidado de José Alcántara Almánzar, Elvis Francis Soto
264 0 1 _aSanto Domingo, República Dominicana :
_bBanco Central de la República Dominicana,
_c2012
264 4 _c2012
300 _a198 páginas :
_bilustraciones ;
_c23 cm.
336 _2rdacontent
_atexto
_btxt
337 _2rdamedia
_asin mediación
_bn
338 _2rdacarrier
_avolumen
_bnc
490 _aColección Banco Central de la República Dominicana ;
_v180
490 _aArte y Literarua ;
_v62
505 1 _aPresentación -- Exposición Juan Pablo Duarte y la Independencia Nacional: monedas, billetes, sellos y tapices, en el Museo Numismático y Filatélico -- Puesta en circulación de los libros: Catálogo de la Colección del Banco; La cultura en el Banco Central; El sabor de las hormigas; Constanza, Maimón y Estero Hondo; y Aproximaciones a la literatura dominicana -- Participación en la Feria Internacional del Libro -- Puesta en circulación de los libros: ¿Qué es la inflación?; La aventura interior; y Arquímedes y el Jefe y otros cuentos de lo Era -- Exposición Fichas de la República Dominicana -- Entrega de premios del Concurso de Economía Biblioteca Juan Pablo Duarte y puesta en circulación del libro Nueva literatura económica dominicana -- Entrega de premios del Concurso de Arte y Literatura Bancentral y puesta en circulación del libro Obras premiadas -- Exposición La Independencia Nacional y Centroamérica -- Puesta en circulación de la novela La tumba vacía -- Puesta en circulación de los libros De primera intención y Los dominicanos vistos por extranjeros -- Participación en la Feria Internacional del Libro -- Exposición Medio ambiente y filatelia dominicana -- Puesta en circulación de los libros: Textos sobre arte, literatura e identidad; Alquimias de la ciudad perdida; Ángel Haché en escena; y Crítica para tiempos de poco fervor -- Entrega de premios del Concurso de Economía Biblioteca Juan Pablo Duarte y puesta en circulación del libro Nueva literatura económica dominicana -- Entrega de premios del Concurso de Arte y Literatura Bancentral y puesta en circulación del libro Obras premiadas -- Exposición Monumentos de la República Dominicana -- Puesta en circulación de la Pinacoteca, colección de obras de arte, y apertura de la muestra Mujeres artistas en la Colección del Banco Central -- Puesta en circulación de los libros: Bibliografía económica dominicana; Pensamiento y acción; Dos coloquios sobre la obra de Juan Bosch; Thanksgiving Day; y La novela dominicana -- Participación en la Feria Internacional del Libro -- Emisión del billete de veinte pesos en polímero -- Acto del aniversario del Museo Numismático y Filatélico -- Puesta en circulación de los libros: Museo de las Casas Reales; Gráficas en el papel moneda de la República Dominicana; Exposiciones temporales en el Museo Numismático y Filatélico; y Pieza del mes -- Entrega de premios del Concurso de Economía Biblioteca Juan Pablo Duarte y puesta en circulación del libro Nueva literatura económica dominicana -- Entrega de premios del Concurso de Arte y Literatura Bancentral y puesta en circulación del libro Obras premiadas -- Entrega del libro Exvotos, promesas y milagros de la Virgen de la Altagracia -- Puesta en circulación del libro Ivonne Haza: la diva dominicana -- Exposición Héroes de la Independencia de las Américas en billetes y monedas -- Puesta en circulación de los libros: Coleccionismo y billetes dominicanos; Seis ensayos sobre narrativa dominicana contemporánea; y Las ramas del viento -- Participación en la Feria Internacional del Libro -- Exposición Billetes y monedas del siglo XIX e inicios de la reforma monetaria -- Puesta en circulación de los libros: El encanto de la arquitectura; Gascue, jardín urbano; y Pieza del mes -- Entrega de premios del Concurso de Arte y Literatura Bancentral y puesta en circulación del libro Obras premiadas -- Entrega de premios del Concurso de Economía Biblioteca Juan Pablo Duarte y puesta en circulación del libro Nueva literatura económica dominicana -- Puesta en circulación del libro Ocho años de crecimiento con estabilidad -- Recital del pianista Antonio Pompa-Baldi.
942 _2ddc
_n0
_cBK
999 _c18315
_d18315